00346nam a2200133Ia 4500082001200000100003000012245004000042260002900082300002000111650001900131650002700150650001500177710002000192 aTS.0202 aSiddiqi, Mohammad Suleman 0aSufis of the Deccan, 1347-1538 A.D. c1975bOsmania University a432p. + C D -31 vBAHMANI SAINTS vMUSLIMS - INDIA, SOUTH vSUFIS, THE aKhan, Anwar Ali